000 01875nam a22003737a 4500
003 DO-SdBNP
005 20250211102200.0
007 ta
008 240503b |||||||| |||| 00| 0 eng d
020 _a9789945189124
040 _aDO-SdBNP
_bspa
_cBNPHU
_erda
041 _hspa
082 4 _a330.97293
_bI73a
_222
100 1 _aIsa Contreras, Pavel
_d1968-
_eautor
_938198
245 1 4 _aUna agenda para la transformación :
_bnueva economía y políticas de desarrollo para una sociedad próspera y justa /
_cPável Isa Contreras : prólogo, Isidro Santana.
264 _aSanto Domingo :
_bINTEC,
_c2024
300 _a626 páginas :
_bilustraciones, graficas.,
_c23 cm
336 _ardacontent
_btexto
_2txt
337 _ardamedia
_bsin mediación
_2n
338 _ardacarrier
_bvolumen
_2nc
500 _aIncluye datos biográficos del autor en la contracubierta
500 _aIncluye referencias bibliográficas y notas al pie de las páginas
500 _aEste libro recoge una selección de artículos publicados semanalmente en el periódico El Caribe entre los años 2012-2020
505 _aIntroducción xiii -- Prólogo xvii -- Modelos económicos y desarrollo xxiii -- Coyuntura económica y relaciones internacionales 45 -- Desarrollo productivo 123 -- Exportaciones 305 -- Reforma de la fiscalidad 399 -- Empleos y salarios 521 -- Política social 559 -- COVID 19: crisis, protección y recuperación 591
590 _aInventariado, 2025/DG
651 4 _aRepública Dominicana
_xPolítica económica
_9643
651 4 _aRepública Dominicana
_xCondiciones sociales
_946
651 4 _aRepública Dominicana
_xPolítica social
_92627
651 4 _aRepública Dominicana
_xRelaciones exteriores
_92258
700 1 _aSantana, Isidro
_eprólogo
_978993
710 2 _aInstituto Tecnológico de Santo Domingo
_978911
910 _aDG
942 _2ddc
_cLBS1
999 _c56595
_d56595